Architektur in Danzig in den Jahren 1793-1814
| Titel: | Architektur in Danzig in den Jahren 1793-1814 / Magdalena Staręga |
|---|---|
| Verfasser: | |
| In: |
Malbork około 1800, (2024), Seite 87- alle Artikel anzeigen |
| Veröffentlicht: | 2024 |
| Format: | Aufsatz |
| Sprache: | Deutsch |
X
alg: 53683972 001A $03025:18-11-25 001B $03025:18-11-25 $t10:55:09.000 001D $03025:18-11-25 001U $0utf8 001X $00 002@ $0Aou 002C $aText $btxt $2rdacontent 002D $aohne Hilfsmittel zu benutzen $bn $2rdamedia 002E $aBand $bnc $2rdacarrier 003@ $0536839727 010@ $ager 010E $erda 011@ $a2024 021A $aArchitektur in Danzig in den Jahren 1793-1814 $hMagdalena Staręga 028A $4aut $71330306899 $8Staręga, Magdalena [Tp3] $9518471179 031A $h87- $j2024 039B $aEnthalten in $8--Aau--. Malbork około 1800. - Malbork : Muzeum Zamkowe w Malborku, 2024. - 422 Seiten. - Faksimiles, Fotografien, Illustrationen, Pläne, Porträts. - ISBN 978-83-969493-3-2 $x202400000000000913 $9523421869 044K $#Danzig $#Ville Libre de Danzig $#Dantzig $#Ville Libre de Dantzig $#Freistaat Danzig $#Gdańsk $#Freie Stadt Danzig $#Urząd Miejski w Gdańsku $#Gyddanzyc $#Gedanum $#Dantiscum $74011039-4 $8Danzig [Tg1] $9085022225 044K $RArchitekt $RBaudenkmal $RBauweise $RInnenarchitektur $#Architecture $#Architecture $#Baukunst $74002851-3 $8Architektur [Ts1] $9084999292 045F $a709.438209033 $eDDC23BSB 045F/01 $a709 045F/03 $f09033 045F/03 $f09034 045F/03 $g4382 045R $aGeschichte 1793-1814 lok: 53683972 78 exp: 53683972 78 1 #EPN 201B/01 $018-11-25 $t10:55:09.000 201C/01 $018-11-25 201U/01 $0utf8 203@/01 $01324327626 208@/01 $a18-11-25 $be 209A/01 $a/ $f000 $x00 209A/01 $ab*p $x01 220C/01 $aeja 244Z/01 $#Westpreußen $#Königlich-Preußen $#Polnisch-Preußen $#Königliches Preußen $74079244-4 $8--Tg1--Westpreußen $x11 $908522510X 247C/01 $82080>Marburg/Lahn, Herder-Institut, Forschungsbibliothek, Bibliographieportal $9336309341
| LEADER | 00000naa a2200000 c 4500 | ||
|---|---|---|---|
| 001 | 536839727 | ||
| 003 | DE-603 | ||
| 005 | 20251118105509.0 | ||
| 007 | tu | ||
| 008 | 251118s2024 xx |||| | u00||u|ger c | ||
| 035 | |a (DE-599)HEB536839727 | ||
| 040 | |a DE-603 |b ger |c DE-603 |d DE-603 |e rda | ||
| 041 | |a ger | ||
| 082 | 0 | 4 | |8 1\u |a 709.438209033 |q DE-101 |2 23/BSB |
| 085 | |8 1\u |b 709 | ||
| 085 | |8 1\u |z 1 |s 09033 | ||
| 085 | |8 1\u |z 1 |s 09034 | ||
| 085 | |8 1\u |z 2 |s 4382 | ||
| 100 | 1 | |a Staręga, Magdalena |4 aut |0 (DE-603)518471179 |0 (DE-588)1330306899 |2 gnd | |
| 245 | 0 | 0 | |a Architektur in Danzig in den Jahren 1793-1814 |c Magdalena Staręga |
| 264 | 0 | |c 2024 | |
| 336 | |a Text |b txt |2 rdacontent | ||
| 337 | |a ohne Hilfsmittel zu benutzen |b n |2 rdamedia | ||
| 338 | |a Band |b nc |2 rdacarrier | ||
| 648 | 7 | |a Geschichte 1793-1814 |2 gnd | |
| 650 | 7 | |a Architektur |0 (DE-588)4002851-3 |0 (DE-603)084999292 |2 gnd | |
| 651 | 7 | |a Danzig |0 (DE-588)4011039-4 |0 (DE-603)085022225 |2 gnd | |
| 773 | 0 | 8 | |i Enthalten in |t Malbork około 1800 |d Malbork : Muzeum Zamkowe w Malborku, 2024 |h 422 Seiten, Faksimiles, Fotografien, Illustrationen, Pläne, Porträts |z 9788396949332 |z 8396949336 |g (2024), Seite 87- |w (DE-603)523421869 |
| 924 | 0 | |9 2080 |a (DE-603)1324327626 |b DE-2080 |c HES |d d |g / | |


